30 Pytań z wiedzy ogólnej! - Statystyki

Ogólne statystyki
  • Ten quiz został rozwiązany 146 razy
    139 od ostatniego zresetowania
  • Średni wynik to 11 z 29
Statystyki odpowiedzi
Pytanie Odpowiedź % Poprawnych
Największy ocean na Ziemi to? (Pełna nazwa) Ocean Spokojny
90%
Równik dzieli kule ziemską na dwie półkole jakie? Północną i południową
85%
Jak wiele wierzchołków ma sześcian? 8
84%
W którym roku odbył się pierwszy finał WOŚP? 1993
76%
W którym roku wprowadzono gimnazja do systemu edukacji? 1999
75%
Kobalt jest jednym z odcieni koloru Niebieskiego
59%
Jak duży procent wody na Ziemi stanowi woda słodka? 3
58%
Jaki ładunek elektryczny ma neutron? Neutralny
54%
W którym roku pojawił się pierwszy Windows? 1985
52%
Baku to stolica i największe miasto Azerbejdżanu
50%
Ile arkuszy papieru liczy ryza? (Liczba) 500
45%
W którym roku doszło do katastrofy elektrowni atomowej w Fukushimie? 2011
43%
W którym województwie leży Bełchatów? Łódzkim
43%
W jakim województwie znajduje się najgłębsze jezioro w Polsce? Podlaskie
33%
Około trzy czwarte masy Słońca stanowi? Wodór
33%
Największym miastem Nigerii jest? Lagos
31%
Jak nazywa się suma jednomianów? Wielomian
30%
Które z polskich miast ma najlepiej rozwiniętą komunikację trolejbusową? Gdynia
28%
Kto jest autorem hymnu zaczynającego się od słów "Smutno mi, Boże"? Juliusz Słowacki
27%
Sążeń to dawniej używana w Polsce jednostka służąca do określania Długości
25%
Jak nazywał się radziecki polityk który rozpoczął wprowadzenie pierestrojki? Michaił Gorbaczow
22%
Który region Polski słynie z upraw chmielu? Lubelszczyzna
21%
Tegucigalpa to stolica jakiego kraju? Hondurasu
20%
Suchy lód to potoczna nazwa zestalonego Dwutlenku węgla
14%
Skala Fujity jest używana do pomiaru siły? Tornad
9%
Jak nazywa się waluta Tunezji? Dinar tunezyjski
8%
Co oznacza słowo "bifyj"? Kredens
7%
W którym roku skonstruowano żarówkę? 1879
6%
W jakim kraju używa się języka tagalog? Na Filipinach
6%
Nie znaleziono quizów pasujących do podanych kryteriów
Rozkład punktacji
Procent ludzi z każdym wynikiem
Percentyl według liczby udzielonych odpowiedzi
Twoja historia wyników
Nie rozwiązałeś tego quizu od ostatniego zresetowania